LEADER 01706nam 2200469 450 001 9910460734103321 005 20200520144314.0 035 $a(CKB)3710000000443251 035 $a(EBL)3425616 035 $a(OCoLC)940510713 035 $a(MiAaPQ)EBC3425616 035 $a(Au-PeEL)EBL3425616 035 $a(CaPaEBR)ebr11071205 035 $a(EXLCZ)993710000000443251 100 $a20081016h20102010 uy| 0 101 0 $aeng 135 $aur|n|---||||| 181 $2rdacontent 182 $2rdamedia 183 $2rdacarrier 200 10$aOrientalism in sinology /$fAdrian Chan 210 1$aPalo Alto, California :$cAcademica Press,$d[2010] 210 4$d©2010 215 $a1 online resource (172 p.) 300 $aDescription based upon print version of record. 311 $a978-193-600-2 311 $a1-936320-00-2 320 $aIncludes bibliographical references and index. 327 $aIntroduction: Orientalism in sinology. -- In the beginning: the cosmogonic divide -- Universalism and ethnocentrism: Christianity, Chinese culture and sinology -- A supplanting vocabulary -- The Orientalist odyssey, I -- The Orientalist odyssey, II -- Contemporary politics and Orientalism, or the Empire strikes back! -- Reasons for its persistence: by way of a conclusion. 606 $aOrientalism$xHistory 607 $aChina$xStudy and teaching$xHistory 608 $aElectronic books. 615 0$aOrientalism$xHistory. 676 $a951.0072 700 $aChan$b Adrian$f1936-$0935054 801 0$bMiAaPQ 801 1$bMiAaPQ 801 2$bMiAaPQ 906 $aBOOK 912 $a9910460734103321 996 $aOrientalism in sinology$92105722 997 $aUNINA LEADER 01053nam a2200205 i 4500 001 991004312338307536 005 20240315112332.0 008 240315s1937 it af r 001 0 ita d 040 $aBibl. Interfacoltà T. Pellegrino$bita$cSocioculturale Scs 041 0 $aita 082 04$a930.10945$223 110 1 $aSocietà piemontese di archeologia e belle arti$0209839 245 10$aAtti e memorie del 2. congresso della Società Piemontese di Archeologia e Belle Arti :$b(Asti, 1-3 agosto 1933-XI) /$ca cura della R. Deputazione Subalpina di Storia Patria 260 $aTorino :$bTipografia Giuseppe Anfossi,$c1937 300 $aX, 217 p.$bill. ;$c28 cm 611 10$aCongresso della Società piemontese di Archeologia e Belle Arti$n(2.:$d1-3 agosto 1933 :$cAsti)$vAtti di congressi 710 1 $aRegia deputazione subalpina di storia patria$eauthor$4http://id.loc.gov/vocabulary/relators/aut$01726777 912 $a991004312338307536 996 $aAtti e memorie del 2. congresso della Società Piemontese di Archeologia e Belle Arti$94133086 997 $aUNISALENTO